00552nam a2200157 a 450000100100000000500170001000800410002704000250006810000320009324500660012526000520019130000200024304900090026395201050027299900170037700003201320200930063345.0110707s20uu dr 000 0 spa d aDO-SdBNPbspacBNPHU1 aCartagena, Alejandro95816110aEspacios habitables :b050690- 080106 /cAlejandro Cartagena. a[Santo Domingo] :bCasa de la Cultura,c[19-?]. a39 p. ;c13 cm. aBNPD 0010718PDaPDbPDcCTd2011-07-07iLF1l0o p32013-10r2020-06-25w2020-06-25yLFPDZNo se presta c31504d31504